Normal view
MARC view
- Supervisor Dr.Hamid Jabbar Dr.Moshin Islam Tiwana
Entry Corporate Name
001 - CONTROL NUMBER
- control field: 122861
003 - CONTROL NUMBER IDENTIFIER
- control field: NUST
005 - DATE AND TIME OF LATEST TRANSACTION
- control field: 20240522172003.0
008 - FIXED-LENGTH DATA ELEMENTS
- fixed length control field: 240522|| aca||aabn | a|a d
040 ## - CATALOGING SOURCE
- Original cataloging agency: NUST
- Transcribing agency: NUST
110 ## - HEADING--CORPORATE NAME
- Corporate name or jurisdiction name as entry element: Supervisor Dr.Hamid Jabbar Dr.Moshin Islam Tiwana
670 ## - SOURCE DATA FOUND
- Source citation: Work cat.: (NUST): Shahzaib Ali Rao Abdul Sami Muhammad Afzal 122860, PR-SOF-2322-Doppler Ultrasound Fetal Heart Rate Instrument with AI Interface, 2023.
